[Event "2nd Hersonissos Open 2018"]
[Site "Hersonissos"]
[Date "2018.06.18"]
[Round "2"]
[White "Stefanov, Evtim"]
[Black "Aggeletou, Fereniki"]
[Result "1-0"]
[WhiteElo "1959"]
[BlackElo "1103"]
[Annotator "NA RC"]
[PlyCount "45"]
[EventDate "2018.06.16"]
[EventType "swiss"]
[EventCountry "GRE"]
[SourceTitle "playchess.com"]
[Source "ChessBase"]
[SourceQuality "1"]
[TimeControl "5400+30"]

{[%evp 9,44,41,74,58,59,46,46,30,70,67,113,89,102,47,112,71,96,85,83,93,89,72,96,0,131,128,194,172,422,153,362,385,29996,13,29997,29998,29999]} 1. c4 {[%emt 0:00:02]} b6 {[%emt 0:01:48]} 2. d4 {[%emt 0:00:07]} e6 {[%emt 0:00:00]} 3. e4 {[%emt 0:00:14]} Bb7 {[%emt 0:02:09]} 4. Nc3 {[%emt 0:00:34]} d6 {[%emt 0:02:21]} 5. f4 {[%emt 0:00:41] A40: Unusual replies to 1 d4} g6 {[%emt 0:02:10]} 6. Nf3 {[%emt 0:00:40]} Bg7 {[%emt 0:00:52]} 7. Bd3 {[%emt 0:00:45]} Ne7 {[%emt 0:00:15]} 8. O-O {[%emt 0:00:22]} Nd7 {[%emt 0:01:16]} 9. Be3 {[%emt 0:02:15]} a5 $146 {[%emt 0:00:51]} ({Predecessor:} 9... O-O 10. Qd2 Nf6 11. h3 c5 12. d5 exd5 13. cxd5 {1-0 (47) Grandelius,N (2647)-Stany,G (2502) London 2017}) 10. Qc2 {[%emt 0:00:34]} O-O {[%emt 0:00:35]} 11. f5 {[%emt 0:00:14]} Nc6 {[%emt 0:11:17]} (11... exf5 $14 12. exf5 Re8) 12. a3 {[%emt 0:01:56]} e5 {[%emt 0:01:25] [#]} 13. d5 $1 {[%emt 0:02:27]} Nd4 {[%emt 0:00:31]} 14. Bxd4 {[%emt 0:00:27]} exd4 {[%emt 0:00:26]} 15. Ne2 {[%emt 0:00:27]} Ne5 {[%emt 0:01:30]} 16. Nfxd4 {[%emt 0:00:43]} ({Better is} 16. Nexd4 $16 Qe7 17. Rae1) 16... Nxd3 {[%emt 0:00:47]} (16... Qg5 $11 {hält das Gleichgewicht.} 17. Rf4 Qe7) 17. Qxd3 {[%emt 0:00:08]} Kh8 {[%emt 0:04:24]} 18. Rf3 {[%emt 0:02:49]} Rg8 $2 {[%emt 0:01:32]} (18... Be5 19. Raf1 g5) 19. Rh3 {[%emt 0:01:41]} (19. fxg6 $18 fxg6 20. Ne6) 19... gxf5 $2 {[%emt 0:04:06]} (19... Be5 {was necessary.} 20. Qd2 g5) 20. Nxf5 {[%emt 0:00:30]} Bxb2 {[%emt 0:00:35] [#]} (20... Qg5 $18 21. Rg3 Qf6) 21. Rxh7+ $1 {[%emt 0:01:00]} Kxh7 {[%emt 0:01:09]} 22. Qh3+ {[%emt 0:00:12]} Kg6 {[%emt 0:00:07]} 23. Qh6# 1-0

[Event "2nd Hersonissos Open 2018"]
[Site "Hersonissos"]
[Date "2018.06.18"]
[Round "2"]
[White "Haverkamp, Klaus"]
[Black "Delchev, Aleksander"]
[Result "0-1"]
[WhiteElo "1921"]
[BlackElo "2563"]
[Annotator "TA"]
[PlyCount "76"]
[EventDate "2018.06.16"]
[EventType "swiss"]
[EventCountry "GRE"]
[SourceTitle "playchess.com"]
[Source "ChessBase"]
[SourceQuality "1"]

{[%evp 23,76,25,37,-60,2,5,10,-36,-34,-37,-19,-46,-35,-39,-27,-37,-26,-59,-33,-86,-85,-77,-72,-123,-114,-377,-350,-460,-465,-408,-346,-401,-391,-424,-356,-502,-491,-626,-612,-657,-602,-728,-701,-811,-780,-968,-915,-29977,-29978,-5509,-6234,-29980,-29966,-29993,-29994]} 1. e4 c5 2. Nf3 d6 3. d4 cxd4 4. Nxd4 Nf6 5. Nc3 a6 6. h3 e6 7. g4 Be7 8. Bg2 O-O {B81: Sicilian Scheveningen: Keres Attack} (8... Nfd7 9. O-O Nc6 10. Nxc6 bxc6 11. f4 O-O 12. Be3 d5 13. g5 a5 14. Na4 Ba6 15. Rf2 Bb5 16. Nc3 {½-½ (41) Fedoseev,V (2665)-Grischuk,A (2752) Novosibirsk 2016}) 9. Be3 Nc6 10. Qe2 Nxd4 11. Bxd4 e5 12. Be3 Be6 {LiveBook: 4 Games} 13. Nd5 $146 ({Better is} 13. g5 $14 Nd7 14. h4) ({Predecessor:} 13. O-O-O Rc8 14. Nd5 Bxd5 15. exd5 Nd7 16. Qd2 h6 17. Kb1 {1-0 (58) Alonso,S (2506)-Mareco,S (2581) Buenos Aires 2012}) 13... Bxd5 (13... Nxd5 $15 14. exd5 Bd7) 14. exd5 $11 Nd7 15. O-O Bg5 16. c3 h6 {[%cal Bh7h6,Bh6g5][%mdl 32]} 17. Qd2 g6 18. f4 exf4 19. Bxf4 Ne5 20. Bxg5 Qxg5 21. Qxg5 (21. Qf4 $15) 21... hxg5 $17 22. Rf6 Rad8 23. Be4 ({White should play} 23. Rf2) 23... Rfe8 {And now ...Nd7 would win.} 24. Raf1 $2 {[%mdl 8192] [#]} (24. Bg2 $17) 24... Nd7 $19 25. Rxd6 Rxe4 26. b3 Re7 27. c4 Rc8 28. Rc1 a5 29. a3 (29. Rf1 {might work better.}) 29... Nc5 30. Rb1 Re3 31. Rb6 Rxh3 32. b4 axb4 33. axb4 Na4 34. Rxb7 Rxc4 35. Ra1 Rxg4+ 36. Kf2 Nc3 37. Ra8+ Kg7 38. Ra5 Ne4+ {Precision: White =  7%, Black = 67%.} 0-1

[Event "2nd Hersonissos Open 2018"]
[Site "Hersonissos"]
[Date "2018.06.18"]
[Round "2"]
[White "Maris, Ioannis"]
[Black "Salomon, Johan"]
[Result "0-1"]
[WhiteElo "1915"]
[BlackElo "2474"]
[Annotator "TA"]
[PlyCount "88"]
[EventDate "2018.06.16"]
[EventType "swiss"]
[EventCountry "GRE"]
[SourceTitle "playchess.com"]
[Source "ChessBase"]
[SourceQuality "1"]

{[%evp 25,88,-117,-117,-114,-117,-117,-118,-122,-115,-130,-118,-123,-122,-158,-139,-209,-187,-192,-194,-198,-180,-167,-134,-159,0,-174,-147,-147,-149,-159,-147,-150,-152,-161,-153,-137,-95,-134,-147,-166,-122,-123,-130,-210,-216,-247,-249,-329,-328,-356,-358,-351,0,-299,-234,-260,-259,-299,-284,-452,-435,-511,-509,-509,-506]} 1. e4 c5 2. Nf3 d6 3. d4 cxd4 4. Nxd4 Nf6 5. Nc3 a6 6. Be2 e5 7. Nb3 Be7 8. Be3 Be6 9. O-O O-O 10. f4 exf4 11. Bxf4 Nc6 12. Bf3 Ne5 13. Bxe5 dxe5 14. Qxd8 {B92: Sicilian Najdorf: 6 Be2} Rfxd8 15. Rfd1 (15. Rad1 Rac8 16. a3 Rxd1 17. Rxd1 h6 18. Rd2 Bxa3 19. Nd5 Bxd5 20. exd5 Bxb2 21. d6 e4 22. d7 Rd8 23. Bg4 Nxg4 24. Nc5 Bc1 25. Nxb7 Bxd2 26. Nxd8 Ne5 {0-1 (26) Buechle,M (2118)-Wagner,A (2277) Dortmund 2017}) 15... Rac8 $146 ({Predecessor:} 15... Bxb3 16. axb3 Bc5+ 17. Kf1 Bd4 18. Ra2 Rac8 19. b4 Rc4 20. b5 Kf8 21. bxa6 bxa6 22. Rxa6 {0-1 (38) Reede,A-Uit de Wetering,M LSS email 2008}) 16. Rxd8+ {Black is better.} Bxd8 17. h3 h5 18. Kh2 g6 19. g3 Be7 20. a3 (20. Rc1 $17 {was necessary.}) 20... Kg7 21. Nc1 Bc5 22. N1e2 b5 23. Rd1 Rh8 24. Nc1 Rc8 $2 (24... h4 $17 {...hxg3+ is the strong threat.} 25. g4 Rc8) 25. N3e2 $2 (25. N1e2 $1 $11 {and White stays safe.}) 25... Be7 26. c3 a5 27. Nd3 Nd7 28. g4 h4 29. Kg2 Bb3 30. Re1 Bg5 31. Nec1 Be6 32. Rd1 Kf8 33. Be2 Ke7 34. Bf3 (34. Ne1 $17) 34... f6 $19 35. Kf2 Nb6 36. Ke2 Nc4 37. Rh1 Rd8 {aiming for ...Nxb2!} 38. Rd1 Rc8 $2 (38... Rd6 $19 {And now ...a4 would win.} 39. Kf2 {[#]} Nxb2 $1 {[%mdl 512]} 40. Nxb2 Rxd1 41. Nxd1 Bxc1) 39. Kf2 $2 {[%mdl 8192]} (39. Rh1 $1 $11 Rd8 40. Rd1) 39... Nd6 40. Bg2 Rc7 41. Bf3 Nc4 42. Ne2 (42. Ke1 $142) 42... Rd7 {Black is clearly winning.} 43. Ke1 Ne3 44. Rd2 {[#]} Nf1 $1 {[%mdl 512] Precision: White = 42%, Black = 64%.} 0-1

[Event "2nd Hersonissos Open 2018"]
[Site "Hersonissos"]
[Date "2018.06.18"]
[Round "2"]
[White "Warnk, Torsten"]
[Black "Hommeles, Theo"]
[Result "0-1"]
[WhiteElo "1853"]
[BlackElo "2361"]
[Annotator "NA RC"]
[PlyCount "112"]
[EventDate "2018.06.16"]
[EventType "swiss"]
[EventCountry "GRE"]
[SourceTitle "playchess.com"]
[Source "ChessBase"]
[SourceQuality "1"]
[TimeControl "5400+30"]

{[%evp 8,107,22,17,20,0,4,12,0,-17,-21,-28,-37,-53,-22,-20,0,-63,-18,-40,-40,-42,-21,-63,-54,-59,-64,-58,-55,-71,-67,-79,-101,-131,-57,-91,-39,-85,-39,-97,-68,-71,-45,-102,-72,-95,-102,-80,-70,-91,32767,-82,-28,-39,-26,-17,-20,-21,32767,32767,32767,32767,32767,-196,-160,32767,32767,-163,-165,-172,-164,-234,-266,-243,-197,32767,32767,-957,-1079,32767,32767,32767,-441,-728,32767,-872,32767,32767,32767,32767,32767,-2011,-2541,-2315,32767,-2529,-29986,32767,32767,-29990,-29990,-29990]} 1. d4 {[%emt 0:00:00]} g6 {[%emt 0:00:07]} 2. Nf3 {[%emt 0:00:08]} Bg7 {[%emt 0:00:08]} 3. Bf4 {[%emt 0:00:18]} c5 {[%emt 0:01:41]} 4. c3 {[%emt 0:01:47]} Nf6 {[%emt 0:01:20]} 5. e3 {[%emt 0:01:07]} O-O {[%emt 0:00:51] LiveBook: 19 Games} 6. Be2 {[%emt 0:01:01]} b6 {[%emt 0:03:10]} 7. O-O {[%emt 0:03:29]} Bb7 {[%emt 0:00:14] A48: 1 d4 Nf6 2 Nf3 g6: Torre, London and Colle Systems} 8. Na3 {[%emt 0:02:44]} (8. h3 d6 9. Bh2 Nbd7 10. a4 Qc7 11. Nbd2 a6 12. Qb3 Bc6 13. c4 e6 14. Rfd1 Rfd8 15. Rac1 Rab8 16. Nb1 Ne4 17. d5 exd5 18. cxd5 Bb7 19. Nfd2 Nxd2 20. Rxd2 {0-1 (55) Bruzon Batista,L (2698)-Radjabov,T (2733) Tromsoe 2013}) 8... d6 {[%emt 0:02:33]} 9. Rc1 $146 {[%emt 0:01:42]} ({Predecessor:} 9. h3 Nbd7 10. Bh2 a6 11. b4 cxb4 12. cxb4 b5 13. Nb1 Nb6 14. Nc3 {½-½ (29) Muse,D (2378)-Kohler,T (2246) Berlin 2010}) 9... Nbd7 {[%emt 0:01:02]} 10. Qb3 {[%emt 0:03:05]} Rc8 {[%emt 0:02:57]} 11. Rfd1 {[%emt 0:03:35]} Qc7 {[%emt 0:00:34]} 12. Qc2 {[%emt 0:03:26]} (12. Nb5 $11 Qb8 13. c4) 12... Qb8 {[%emt 0:00:40]} 13. Qb1 {[%emt 0:02:08]} Qa8 {[%emt 0:02:21]} 14. Ne1 {[%emt 0:03:41]} Rfd8 {[%emt 0:04:24]} 15. Bg5 {[%emt 0:07:59]} h6 {[%emt 0:04:28]} 16. Bh4 {[%emt 0:01:52]} g5 {[%emt 0:00:47]} 17. Bg3 {[%emt 0:07:50]} Ne4 {[%emt 0:01:08]} 18. f3 {[%emt 0:03:45]} Nxg3 {[%emt 0:00:26]} 19. hxg3 {[%emt 0:00:01]} Nf6 {[%emt 0:02:57]} 20. Kf2 {[%emt 0:03:35]} (20. e4 $15) 20... Rc7 {[%emt 0:12:00]} (20... h5 $17) 21. Nc4 {[%emt 0:01:51]} Rdc8 {[%emt 0:01:32]} 22. Nd2 {[%emt 0:00:15]} a6 {[%emt 0:06:56]} 23. b4 {[%emt 0:05:14]} cxd4 {[%emt 0:05:47]} 24. cxd4 {[%emt 0:02:14]} Nd5 {[%emt 0:00:08]} 25. Rxc7 {[%emt 0:03:27]} Rxc7 {[%emt 0:00:02]} 26. Rc1 {[%emt 0:08:37]} Nc3 {[%emt 0:08:37]} 27. Qb2 {[%emt 0:00:40]} Qc8 {[%emt 0:01:46]} 28. Bd3 {[%emt 0:07:02]} e5 {[%emt 0:04:39]} 29. Nb3 {[%emt 0:05:43]} b5 {[%emt 0:06:58]} (29... g4 $17 30. Bf5 Qxf5 31. Rxc3 Re7 32. dxe5 Bxe5) 30. Bf5 {[%emt 0:03:07]} Nd1+ {[%emt 0:01:31]} 31. Rxd1 {[%emt 0:00:10]} Qxf5 {[%emt 0:00:04]} 32. Rc1 {[%emt 0:00:26]} Re7 {[%emt 0:02:14]} 33. g4 {[%emt 0:01:54]} Qe6 {[%emt 0:03:08]} 34. Qd2 {[%emt 0:00:53]} e4 {[%emt 0:02:56]} 35. Rc3 {[%emt 0:03:34]} (35. d5 $17 Bxd5 36. Nd4 Bxd4 37. Qxd4) 35... f5 {[%emt 0:03:47]} 36. gxf5 {[%emt 0:01:13]} Qxf5 {[%emt 0:00:03]} 37. Qc2 {[%emt 0:01:07]} Qf7 {[%emt 0:00:07]} 38. Na5 {[%emt 0:02:08]} Bd5 {[%emt 0:01:24]} 39. Nb3 {[%emt 0:02:09]} (39. Rc8+ $142 Bf8 40. Nc6) 39... exf3 {[%emt 0:01:54]} 40. gxf3 {[%emt 0:00:00]} g4 {[%emt 0:00:00]} 41. f4 {[%emt 0:00:00]} Be4 {[%emt 0:00:00]} 42. Qe2 {[%emt 0:00:00]} Qh5 {[%emt 0:00:00]} 43. Ng2 {[%emt 0:00:00]} g3+ {[%emt 0:00:00]} 44. Ke1 {[%emt 0:00:00]} Qxe2+ {[%emt 0:00:00]} (44... Qh2 $142 45. Kd1 Bxg2 46. Rc8+ Kf7) 45. Kxe2 {[%emt 0:00:00]} Bxg2 {[%emt 0:00:00]} 46. Rc1 {[%emt 0:00:00]} Bd5 {[%emt 0:00:00]} 47. Rg1 {[%emt 0:00:00]} g2 {[%emt 0:00:00]} 48. Kd3 {[%emt 0:00:00]} h5 {[%emt 0:00:00]} 49. Nd2 {[%emt 0:00:00]} h4 {[%emt 0:00:00]} 50. e4 {[%emt 0:00:00]} Bc4+ {[%emt 0:00:00]} 51. Nxc4 {[%emt 0:00:00]} bxc4+ {[%emt 0:00:00]} 52. Kxc4 {[%emt 0:00:00]} h3 {[%emt 0:00:00]} 53. e5 {[%emt 0:00:00]} dxe5 {[%emt 0:00:00]} 54. fxe5 {[%emt 0:00:00]} Bxe5 {[%emt 0:00:00]} 55. dxe5 {[%emt 0:00:00]} Rxe5 {[%emt 0:00:00]} 56. Kd3 {[%emt 0:00:00]} Rg5 {[%emt 0:00:00]} 0-1

[Event "2nd Hersonissos Open 2018"]
[Site "Hersonissos"]
[Date "2018.06.18"]
[Round "2"]
[White "Parker, Keith"]
[Black "Risting, Eivind Olav"]
[Result "0-1"]
[WhiteElo "1846"]
[BlackElo "2301"]
[Annotator "TA"]
[PlyCount "72"]
[EventDate "2018.06.16"]
[EventType "swiss"]
[EventCountry "GRE"]
[SourceTitle "playchess.com"]
[Source "ChessBase"]
[SourceQuality "1"]

{[%evp 12,72,11,7,14,2,2,0,0,0,0,17,28,0,0,-13,-28,-21,-37,-46,-29,-59,-52,-145,-142,-206,-189,-472,-459,-446,-397,-393,-401,-400,-383,-441,-427,-526,-497,-522,-517,-731,-731,-912,-930,-1852,-1642,-3718,-3414,-2601,-2499,-1485,-1059,-951,-819,-1061,-1126,-29987,-29988,-29991,-29990,-29990,-29991]} 1. d4 Nf6 2. Bf4 d6 3. e3 g6 4. c3 Bg7 5. Nf3 O-O 6. Nbd2 Nbd7 7. Be2 {LiveBook: 5 Partien. A48: Königsindisch (ohne c2-c4)} Qe8 8. O-O e5 (8... Nh5 9. Bg3 Nxg3 10. hxg3 e5 11. dxe5 dxe5 12. e4 a5 13. a4 Nc5 14. Qc2 Bd7 {0-1 (58) Fontaine,R (2549)-Belous,V (2564) chess.com INT 2017}) 9. Bg3 {Die Stellung ist ausgeglichen.} Nh5 10. Bh4 f5 11. dxe5 dxe5 12. Ng5 {[#] Droht stark Se6!} Ndf6 {[%cal Bd7f6,Bf6g4,Bg4e3][%mdl 32]} 13. f4 $146 ({Vorgänger:} 13. Qb3+ Kh8 14. Bb5 c6 15. Bc4 b5 16. Nf7+ Kg8 17. Nh6+ {½-½ (17) Ostrovskij,J (1660)-Hassell,G (1530) IECC email 2007}) 13... h6 14. Nh3 Ng4 15. Bc4+ Kh7 16. Qe2 Bd7 17. e4 (17. Rae1 $15) 17... fxe4 $17 18. Qxe4 (18. Nxe4 $17 {ist eine bessere Verteidigung.} Nxf4 19. Qd2) 18... exf4 {Und ...Dxe4 würde nun gewinnen.} 19. Qxb7 $2 {[#]} (19. Rfe1) 19... Ne3 $19 ({Nicht} 19... Qe3+ 20. Bf2 $17) 20. Rf2 Nxc4 21. Nxc4 Bxh3 22. gxh3 g5 {[%cal Bg6g5,Bg5h4][%mdl 32]} 23. Qf3 {beabsichtigt Te2.} gxh4 24. Re2 Qb5 25. Na3 Qf5 26. Rae1 Rad8 27. Nc2 Rd3 28. Qf2 Rxh3 29. Nd4 Qg4+ 30. Qg2 Bxd4+ 31. cxd4 Qxg2+ 32. Rxg2 Re3 33. Rc1 f3 {[%cal Bf4f3,Bf3f2][%mdl 32]} 34. Rxc7+ Kh8 {Schwarz setzt Matt.} 35. Rf2 Re1+ 36. Rf1 f2+ {Precision: Weiß = 21%, Schwarz = 71%.} 0-1

[Event "2nd Hersonissos Open 2018"]
[Site "Hersonissos"]
[Date "2018.06.18"]
[Round "2"]
[White "Storkebaum, Ulrike"]
[Black "Djingarova, Emilia"]
[Result "0-1"]
[WhiteElo "1825"]
[BlackElo "2218"]
[Annotator "NA RC"]
[PlyCount "66"]
[EventDate "2018.06.16"]
[EventType "swiss"]
[EventCountry "GRE"]
[SourceTitle "playchess.com"]
[Source "ChessBase"]
[SourceQuality "1"]
[TimeControl "5400+30"]

{[%evp 13,62,61,64,59,53,58,78,72,84,51,62,77,81,63,84,10,87,73,87,25,49,10,65,0,43,0,0,0,60,-10,12,-14,-22,-72,-58,-45,-20,-75,-48,32767,32767,-100,-113,-419,-434,-436,-453,-435,-450,-462,-383]} 1. e4 {[%emt 0:00:00]} c5 {[%emt 0:00:32]} 2. Nf3 {[%emt 0:00:00]} e6 {[%emt 0:00:41]} 3. d4 {[%emt 0:00:00]} cxd4 {[%emt 0:00:13]} 4. Nxd4 {[%emt 0:00:06]} a6 {[%emt 0:00:05]} 5. c4 {[%emt 0:03:47]} Nf6 {[%emt 0:00:52]} 6. Nc3 {[%emt 0:00:11]} d6 {[%emt 0:00:44]} 7. Be2 {[%emt 0:02:42]} Be7 {[%emt 0:00:11]} 8. Be3 {[%emt 0:00:17]} O-O {[%emt 0:01:46]} 9. O-O {[%emt 0:00:18]} Qc7 {[%emt 0:02:11]} 10. Rc1 {[%emt 0:01:25]} Nbd7 {[%emt 0:01:58] LiveBook: 47 Games B41: Sicilian: Kan Variation: 5 c4} (10... b6 11. f3 Bb7 12. b4 Nbd7 13. Qb3 Rac8 14. Rfd1 Qb8 15. Bf1 Bd8 16. Kh1 Bc7 17. Bg1 Rfe8 18. Qb1 Ne5 {1-0 (47) Nepomniachtchi,I (2730)-Milov,V (2622) Dubai 2014}) 11. b3 {[%emt 0:02:50]} Re8 {[%emt 0:01:50]} 12. f4 {[%emt 0:01:31]} b6 {[%emt 0:00:27]} 13. Bf3 {[%emt 0:03:48]} Bb7 {[%emt 0:00:29]} 14. f5 {[%emt 0:04:36]} (14. g4 $16) 14... Bf8 {[%emt 0:07:59]} (14... Bd8 $11) 15. fxe6 $146 {[%emt 0:05:45]} ({Predecessor:} 15. Qc2 Ne5 16. Rcd1 Neg4 17. Qe2 Nxe3 18. Qxe3 e5 19. Nc2 d5 20. Qd3 d4 {0-1 (40) Thiruchelvam,M (2020)-Iotov,V Oropesa del Mar 1998}) 15... fxe6 {[%emt 0:00:11]} 16. Qe1 {[%emt 0:07:46]} (16. Bg4 $5 Nc5 17. Rxf6 gxf6 18. b4 Nxe4 19. Bxe6+ Rxe6 20. Nxe6 Qxc4 21. Qg4+ Kh8 22. Bd4 $18 (22. Bxb6 Re8 $11)) 16... Ne5 {[%emt 0:07:53]} 17. Qg3 {[%emt 0:03:29]} Rab8 {[%emt 0:23:07]} (17... Nxf3+ $11 18. Qxf3 (18. gxf3 Rac8 $11) 18... Qd7) 18. Kh1 {[%emt 0:01:00]} ({Better is} 18. Be2 $14 Nxe4 19. Nxe4 Bxe4 20. Rxf8+ Kxf8 21. Qf4+ Bf5 {[#]} 22. Nxe6+ $1 {[%mdl 512]} Rxe6 23. Qxf5+ Qf7 24. Qxh7) 18... Qf7 {[%emt 0:07:30]} 19. Rcd1 {[%emt 0:08:01]} Qg6 {[%emt 0:03:57]} 20. Qxg6 {[%emt 0:06:01]} Nxg6 {[%emt 0:00:09]} ({Better is} 20... hxg6 $11 21. Be2 Nxe4 22. Nxe4 Bxe4) 21. Nde2 {[%emt 0:00:39]} Ba8 {[%emt 0:02:20]} 22. Ng3 {[%emt 0:01:32]} Ne5 {[%emt 0:06:52]} 23. h3 b5 {[%emt 0:00:57]} 24. cxb5 {[%emt 0:10:50]} axb5 {[%emt 0:00:05]} 25. Nh5 {[%emt 0:06:49]} Nfd7 {[%emt 0:03:40]} 26. Nf4 {[%emt 0:02:32]} b4 {[%emt 0:04:21]} 27. Na4 {[%emt 0:02:58]} Nf6 {[%emt 0:00:20]} 28. Rd4 $2 {[%emt 0:03:37]} (28. Bb6 $17) 28... Nxf3 {[%emt 0:00:19]} 29. gxf3 {[%emt 0:00:57]} e5 $1 {[%emt 0:00:05]} 30. Rc4 {[%emt 0:01:21]} exf4 {[%emt 0:00:13]} 31. Bxf4 {[%emt 0:00:08]} Nd7 $19 {[%emt 0:02:33]} 32. Bd2 {[%emt 0:05:39]} Ne5 {[%emt 0:01:41]} 33. Rd4 {[%emt 0:02:35]} Nxf3 {[%emt 0:02:45]} 0-1

[Event "2nd Hersonissos Open 2018"]
[Site "Hersonissos"]
[Date "2018.06.18"]
[Round "2"]
[White "Afsari-Rad, Aidin"]
[Black "Vanheirzeele, Daniel"]
[Result "0-1"]
[WhiteElo "1802"]
[BlackElo "2156"]
[Annotator "TA"]
[PlyCount "21"]
[EventDate "2018.06.16"]
[EventType "swiss"]
[EventCountry "GRE"]
[SourceTitle "playchess.com"]
[Source "ChessBase"]
[SourceQuality "1"]

{[%evp 9,21,8,3,-57,-47,-113,-107,-108,-110,-307,-311,-330,-333,-396]} 1. e4 c5 2. Nf3 e6 3. b3 a6 4. Bb2 Nc6 5. c4 Qc7 (5... Nf6 6. e5 Ng4 7. h3 Nh6 8. Bd3 d6 9. exd6 Nb4 10. Be2 Bxd6 11. O-O Nf5 12. Re1 O-O 13. a3 {½-½ (83) Antipov,M (2597)-Gordievsky,D (2653) Qinhuangdao 2018}) 6. d4 {B40: Sicilian: 2...e6, Unusual lines} (6. Qe2 $11) 6... cxd4 $15 7. Nxd4 (7. Bxd4 $15 Nxd4 8. Qxd4) 7... Qe5 $17 {aiming for ...Bb4+.} 8. Bc3 Bb4 $146 {White must now prevent ...Qxd4.} ({Predecessor:} 8... Qxe4+ 9. Be2 Qxg2 10. Bf3 Qg6 11. Nxc6 bxc6 12. Nd2 Nf6 13. Qe2 {0-1 (27) Cabarkapa,N (2314)-Balokas,D (2080) Plovdiv 2012}) 9. Bxb4 $2 {[#]} (9. Ne2 $17) 9... Nxb4 $19 10. Na3 Qa5 ({Not} 10... Qxe4+ 11. Be2 $17) 11. Nb1 0-1

[Event "2nd Hersonissos Open 2018"]
[Site "Hersonissos"]
[Date "2018.06.18"]
[Round "2"]
[White "Kouvidis, Ioannis"]
[Black "Serpetsidakis, Nikolaos"]
[Result "1/2-1/2"]
[WhiteElo "1730"]
[BlackElo "2126"]
[Annotator "TA"]
[PlyCount "56"]
[EventDate "2018.06.16"]
[EventType "swiss"]
[EventCountry "GRE"]
[SourceTitle "playchess.com"]
[Source "ChessBase"]
[SourceQuality "1"]

{[%evp 19,56,0,14,0,10,0,9,2,12,0,0,0,-5,-18,36,35,64,16,16,16,18,15,31,0,10,0,0,0,0,0,44,50,57,54,55,0,0,0,0]} 1. e4 e6 2. d4 d5 3. Nc3 Nf6 4. Bg5 Bb4 5. e5 h6 6. Bd2 Bxc3 7. Bxc3 Ne4 8. Bb4 c5 9. Bxc5 Nxc5 10. dxc5 Qc7 {LiveBook: 3 Games. C12: French: Classical System: McCutcheon Variation} (10... Qa5+ 11. Qd2 Qxc5 12. f4 Nc6 13. Nf3 a5 14. Bd3 b6 15. c3 Ba6 16. Bxa6 Rxa6 17. Nd4 Ra7 18. O-O O-O {½-½ (81) Guseinov,G (2636)-Nepomniachtchi,I (2730) Porto Carras 2011}) 11. f4 Nd7 12. Nf3 Nxc5 13. Qd4 O-O 14. Bd3 Bd7 15. O-O-O Rac8 16. Kb1 Nxd3 $146 (16... Qb6 $11) ({Predecessor:} 16... a5 17. Rhf1 a4 18. a3 {1-0 (45) Kovchan,A (2448)-Bhat,V (2388) Oropesa del Mar 1999}) 17. Qxd3 $14 Qc4 18. Nd4 (18. Qd2 {with more complications.} a5 19. Nd4 Qb4 20. Qe3 Rc4 21. g4) 18... Qxd3 19. cxd3 f6 20. Rhf1 Kf7 21. Rde1 Ke7 22. f5 fxe5 23. Nxe6 Bxe6 24. Rxe5 Rc6 25. Rfe1 {[%cal Re5e6]} Kf6 {[#] And now ...Bc8 would win.} 26. Rxe6+ Rxe6 27. fxe6 (27. Rxe6+ $14 Kxf5 28. Re7) 27... Re8 $11 28. Rf1+ Kxe6 {Precision: White = 53%, Black = 62%.} 1/2-1/2